Cơ sở lí thuyết số và đa thức

Những kiến thức nền tảng về cơ sở lí thuyết số và đa thức thức gồm: lí thuyết chia hết trong vành các số nguyên, các hàm số học, lí thuyết đồng dư, phương trình đồng dư, sơ đồ xây dựng số, liên phân số, đa thức...

Cijeli opis

Spremljeno u:
Bibliografski detalji
Glavni autor: Dương Quốc Việt
Daljnji autori: Đàm Văn Nhỉ
Format: Knjiga
Jezik:Vietnamese
Izdano: H. Đại học Sư phạm 2008
Teme:
Oznake: Dodaj oznaku
Bez oznaka, Budi prvi tko označuje ovaj zapis!
Thư viện lưu trữ: Trung tâm Học liệu Lê Vũ Hùng, Trường Đại học Đồng Tháp
LEADER 01270pam a22002778a 4500
001 00025998
005 20171026081023.0
008 110812s2008 ||||||viesd
020 |c 40000 
041 0 # |a vie 
082 1 4 |a 512.7  |b C460S 
100 1 # |a Dương Quốc Việt 
245 1 0 |a Cơ sở lí thuyết số và đa thức  |c Dương Quốc Việt (ch.b.), Đàm Văn Nhỉ 
260 # # |a H.  |b Đại học Sư phạm  |c 2008 
300 # # |a 250 tr.  |c 24 cm. 
504 # # |a Thư mục: tr. 251 
520 3 # |a Những kiến thức nền tảng về cơ sở lí thuyết số và đa thức thức gồm: lí thuyết chia hết trong vành các số nguyên, các hàm số học, lí thuyết đồng dư, phương trình đồng dư, sơ đồ xây dựng số, liên phân số, đa thức 
650 # 4 |a Lí thuyết số 
650 # 4 |a Toán cao cấp 
650 # 4 |a Đa thức 
700 1 # |a Đàm Văn Nhỉ 
852 # # |b Kho mượn  |j KM.0006477, KM.0006479 
852 # # |b Kho đọc  |j KD.0010790 
852 # # |j KM.0006479  |j KD.0010790  |j KM.0006477 
910 |d 12/08/2011 
980 # # |a Trung tâm Học liệu Lê Vũ Hùng, Trường Đại học Đồng Tháp